000 00916cam a2200265 4500
001 ABS61543
008 000000n1999 000 0 eng u
035 _a(Sirsi) u101680
100 _aSyms, P.
245 _aRedeveloping brownfield land: the decision-making process
260 _c1999
490 _aJournal of Property Investment and Finance
_v17(5) 1999, 481-500(20)
520 _aDiscusses the issues to be considered as part of the decision-making process in the development of brownfield sites. Outlines the results of a survey of surveyors and developers on the subject. References.
590 _aABS
650 _aBROWNFIELD LAND
650 _aVALUATION ISSUES
650 _aRISK ASSESSMENT
650 _aCONTAMINATED LAND
650 _aENVIRONMENTAL ISSUES
650 _aSURVEYS
650 _aRESEARCH
650 _aSTIGMA
690 _aENVIRONMENTAL AND LAND CONSULTANCY
942 _n0
999 _c60805
_d60805